000 00818nam a2200217 i 4500
001 131046
003 ES-MaACL
005 20250822162347.0
007 t|
008 070214s1963 sp r ||||1| spa d
100 1 _aRoberts, Cecil.
_997826
245 1 0 _aObras completas.
_n, . III.
260 _aBarcelona :
_bCaralt,
_c1963.
300 _a1 v. ;
_c24 cm.
505 8 _aContiene: Amor difícil / [versión española de Domingo Manfredi] . Aventura en Moscú / versión española de Guillermo Marigo Petit . Los huéspedes llegan / [versión española de Jacinto León] . Solos contra el mundo
700 1 _aManfredi Cano, Domingo,
_d1918-1998
_975997
700 1 _aMarigó-Petit, Guillermo.
_976725
700 1 _aLeón, Jacinto.
_971575
852 _aES-MaACL
_jP-667-bis
_bR.51978
999 _c131046
_d131046